Alfabetizaciones y tecnologías de la información y la comunicación
محفوظ في:
| المؤلفون الرئيسيون: | , , |
|---|---|
| التنسيق: | كتاب |
| اللغة: | الإسبانية |
| منشور في: |
Madrid
Síntesis
2008
|
| الطبعة: | 1a. ed |
| سلاسل: | Tecnología Educativa
|
| الموضوعات: | |
| الوسوم: |
إضافة وسم
لا توجد وسوم, كن أول من يضع وسما على هذه التسجيلة!
|
MARC
| LEADER | 00000cam a2200000 a 4500 | ||
|---|---|---|---|
| 001 | UCD0514 | ||
| 003 | CL-VaPUC | ||
| 008 | 151204e20080000sp |||||||||||||||||spa|d | ||
| 020 | |a 9788497565943 | ||
| 082 | 0 | 4 | |a 371.307 |b ARE |2 21 |
| 100 | 0 | |a Area Moreira, Manuel |e author |9 583487 | |
| 700 | |a Gros Salvat, Begoña |e author |9 583518 | ||
| 700 | 0 | |a Marzal García-Quismondo, Miguel A |e author |9 583489 | |
| 245 | 1 | 0 | |a Alfabetizaciones y tecnologías de la información y la comunicación |
| 250 | |a 1a. ed | ||
| 300 | |a 215 p | ||
| 942 | |c BK | ||
| 945 | |d 20151204 12:43:00 |a dcastane | ||
| 260 | |a Madrid |b Síntesis |c 2008 | ||
| 650 | 0 | |a Tecnología de la información |9 254825 | |
| 650 | 0 | |a Política educacional |9 308011 | |
| 650 | 0 | |a Métodos de enseñanza |9 270413 | |
| 583 | |a last modification |c 20160914 01:07:04 |k Rodrigo Vera | ||
| 490 | 0 | |a Tecnología Educativa | |
| 999 | |c 362015 |d 362013 | ||
| 952 | |0 0 |1 0 |3 erb |4 0 |6 371_307000000000000_ARE_2008 |7 0 |8 A |9 472849 |a BIBEDU |b BIBEDU |i 5254140 |o 371.307 ARE 2008 |p 5254140 |r 2019-11-24 |w 2019-11-24 |y BK |z Catalogado en:20151204 |k EPE | ||
| 952 | |0 0 |1 0 |3 erb |4 0 |6 371_307000000000000_ARE_2008 |7 0 |8 A |9 472850 |a BIBEDU |b BIBEDU |i 5254132 |o 371.307 ARE 2008 |p 5254132 |r 2019-11-24 |w 2019-11-24 |y BK |z Catalogado en:20151204 |k EPE | ||
| 952 | |0 0 |1 0 |3 erb |4 0 |6 371_307000000000000_ARE_2008 |7 0 |8 A |9 472851 |a BIBEDU |b BIBEDU |i 5254124 |o 371.307 ARE 2008 |p 5254124 |r 2019-11-24 |w 2019-11-24 |y BK |z Catalogado en:20151204 |k EPE | ||
| 952 | |0 0 |1 0 |3 erb |4 0 |6 371_307000000000000_ARE_2008 |7 0 |8 A |9 472852 |a BIBEDU |b BIBEDU |i 5254116 |o 371.307 ARE 2008 |p 5254116 |r 2019-11-24 |w 2019-11-24 |y BK |z Catalogado en:20151204 |k EPE | ||